Stoke City League Players Since 2014 - Statistics

General Stats
  • This quiz has been taken 16 times
  • The average score is 181 of 307
Answer Stats
% Correct
2018/19 (Championship - 16th) England ST 37 Peter Crouch 23 1
100%
2017/18 (Premier League - 19th) England ST 36 Peter Crouch 31 5
100%
2016/17 (Premier League - 13th) England ST 35 Peter Crouch 27 7
100%
2015/16 (Premier League - 9th) England ST 34 Peter Crouch 11
100%
2014/15 (Premier League - 9th) England ST 33 Peter Crouch 33 8
100%
2014/15 (Premier League - 9th) Bosnia GK 27 Asmir Begovic 35
93%
2018/19 (Championship - 16th) Spain SS 27 Bojan Krkic 21 1
93%
2017/18 (Premier League - 19th) Spain SS 26 Bojan Krkic 1
93%
2016/17 (Premier League - 13th) Spain SS 25 Bojan Krkic 9 3
93%
2015/16 (Premier League - 9th) Spain SS 24 Bojan Krkic 27 7
93%
2014/15 (Premier League - 9th) Spain SS 23 Bojan Krkic 16 4
93%
2023/24 (Championship - 17th) Jamaica AM 31 Daniel Johnson 26 2
93%
2017/18 (Premier League - 19th) England RB 32 Glen Johnson 9
93%
2016/17 (Premier League - 13th) England RB 31 Glen Johnson 23
93%
2015/16 (Premier League - 9th) England RB 30 Glen Johnson 25
93%
2019/20 (Championship - 15th) England GK 26 Jack Butland 35
93%
2018/19 (Championship - 16th) England GK 25 Jack Butland 45
93%
2017/18 (Premier League - 19th) England GK 24 Jack Butland 35
93%
2016/17 (Premier League - 13th) England GK 23 Jack Butland 5
93%
2015/16 (Premier League - 9th) England GK 22 Jack Butland 31
93%
2014/15 (Premier League - 9th) England GK 21 Jack Butland 3
93%
2021/22 (Championship - 14th) Wales CM 31 Joe Allen 41
93%
2020/21 (Championship - 14th) Wales CM 30 Joe Allen 18
93%
2019/20 (Championship - 15th) Wales CM 29 Joe Allen 36 4
93%
2018/19 (Championship - 16th) Wales CM 28 Joe Allen 46 6
93%
2017/18 (Premier League - 19th) Wales CM 27 Joe Allen 36 2
93%
2016/17 (Premier League - 13th) Wales CM 26 Joe Allen 36 6
93%
2019/20 (Championship - 15th) Senegal ST 31 Mame Biram Diouf 8 1
93%
2018/19 (Championship - 16th) Senegal ST 30 Mame Biram Diouf 14
93%
2017/18 (Premier League - 19th) Senegal ST 29 Mame Biram Diouf 35 6
93%
2016/17 (Premier League - 13th) Senegal ST 28 Mame Biram Diouf 27 1
93%
2015/16 (Premier League - 9th) Senegal ST 27 Mame Biram Diouf 26 5
93%
2014/15 (Premier League - 9th) Senegal ST 26 Mame Biram Diouf 34 11
93%
2016/17 (Premier League - 13th) Austria ST 27 Marko Arnautovic 32 6
93%
2015/16 (Premier League - 9th) Austria ST 26 Marko Arnautovic 34 11
93%
2014/15 (Premier League - 9th) Austria ST 25 Marko Arnautovic 29 1
93%
2020/21 (Championship - 14th) England CB 32 Ryan Shawcross 2
93%
2019/20 (Championship - 15th) England CB 31 Ryan Shawcross 5
93%
2018/19 (Championship - 16th) England CB 30 Ryan Shawcross 36 1
93%
2017/18 (Premier League - 19th) England CB 29 Ryan Shawcross 27 1
93%
2016/17 (Premier League - 13th) England CB 28 Ryan Shawcross 35 1
93%
2015/16 (Premier League - 9th) England CB 27 Ryan Shawcross 20
93%
2014/15 (Premier League - 9th) England CB 26 Ryan Shawcross 32 2
93%
2017/18 (Premier League - 19th) Switzerland AM 25 Xherdan Shaqiri 36 8
93%
2016/17 (Premier League - 13th) Switzerland AM 24 Xherdan Shaqiri 21 4
93%
2015/16 (Premier League - 9th) Switzerland AM 23 Xherdan Shaqiri 27 3
93%
2018/19 (Championship - 16th) Scotland CM 34 Darren Fletcher 11 1
87%
2017/18 (Premier League - 19th) Scotland CM 33 Darren Fletcher 27 1
87%
2021/22 (Championship - 14th) Scotland ST 34 Steven Fletcher 35 3
87%
2020/21 (Championship - 14th) Scotland ST 33 Steven Fletcher 37 9
87%
2018/19 (Championship - 16th) Scotland CM 32 Charlie Adam 12
80%
2017/18 (Premier League - 19th) Scotland CM 31 Charlie Adam 11
80%
2016/17 (Premier League - 13th) Scotland CM 30 Charlie Adam 24 1
80%
2015/16 (Premier League - 9th) Scotland CM 29 Charlie Adam 22 1
80%
2014/15 (Premier League - 9th) Scotland CM 28 Charlie Adam 29 7
80%
2018/19 (Championship - 16th) Netherlands CB 29 Erik Pieters 21 2
80%
2017/18 (Premier League - 19th) Netherlands CB 28 Erik Pieters 31
80%
2016/17 (Premier League - 13th) Netherlands CB 27 Erik Pieters 36
80%
2015/16 (Premier League - 9th) Netherlands CB 26 Erik Pieters 35
80%
2014/15 (Premier League - 9th) Netherlands CB 25 Erik Pieters 31
80%
2016/17 (Premier League - 13th) Ireland DM 32 Glenn Whelan 30
80%
2015/16 (Premier League - 9th) Ireland DM 31 Glenn Whelan 37
80%
2014/15 (Premier League - 9th) Ireland DM 30 Glenn Whelan 28
80%
2017/18 (Premier League - 19th) Austria CB 24 Kevin Wimmer 17
80%
2017/18 (Premier League - 19th) Ireland AM 30 Stephen Ireland 4
80%
2015/16 (Premier League - 9th) Ireland AM 28 Stephen Ireland 13
80%
2014/15 (Premier League - 9th) Ireland AM 27 Stephen Ireland 17
80%
2014/15 (Premier League - 9th) France DM 25 Steven Nzonzi 38 3
80%
2019/20 (Championship - 15th) DR Congo ST 26 Benik Afobe 1
73%
2018/19 (Championship - 16th) DR Congo ST 25 Benik Afobe 45 8
73%
2023/24 (Championship - 17th) England DM 29 Ben Pearson 29
73%
2022/23 (Championship - 16th) England DM 27 Ben Pearson 14
73%
2017/18 (Premier League - 19th) United States CB 31 Geoff Cameron 20
73%
2016/17 (Premier League - 13th) United States CB 30 Geoff Cameron 19
73%
2015/16 (Premier League - 9th) United States CB 29 Geoff Cameron 30
73%
2014/15 (Premier League - 9th) United States CB 28 Geoff Cameron 27
73%
2016/17 (Premier League - 13th) DR Congo DM 23 Giannelli Imbula 12
73%
2015/16 (Premier League - 9th) DR Congo DM 22 Giannelli Imbula 14 2
73%
2022/23 (Championship - 16th) Australia CB 23 Harry Souttar 7
73%
2021/22 (Championship - 14th) Australia CB 22 Harry Souttar 16
73%
2020/21 (Championship - 14th) Australia CB 21 Harry Souttar 38 1
73%
2023/24 (Championship - 17th) Scotland ST 26 Jacob Brown 1 1
73%
2022/23 (Championship - 16th) Scotland ST 24 Jacob Brown 38 7
73%
2021/22 (Championship - 14th) Scotland ST 23 Jacob Brown 45 13
73%
2020/21 (Championship - 14th) Scotland ST 22 Jacob Brown 41 4
73%
2023/24 (Championship - 17th) Northern Ireland CM 27 Jordan Thompson 32 2
73%
2022/23 (Championship - 16th) Northern Ireland CM 25 Jordan Thompson 34
73%
2021/22 (Championship - 14th) Northern Ireland CM 24 Jordan Thompson 18
73%
2020/21 (Championship - 14th) Northern Ireland CM 23 Jordan Thompson 34 1
73%
2019/20 (Championship - 15th) Northern Ireland CM 22 Jordan Thompson 15
73%
2014/15 (Premier League - 9th) Germany CB 29 Robert Huth 1
73%
2023/24 (Championship - 17th) Morocco ST 26 Ryan Mmaee 24 3
73%
2018/19 (Championship - 16th) Burundi ST 24 Saido Berahino 23 3
73%
2017/18 (Premier League - 19th) Burundi ST 23 Saido Berahino 15
73%
2016/17 (Premier League - 13th) Burundi ST 22 Saido Berahino 13
73%
2020/21 (Championship - 14th) Netherlands CB 28 Bruno Martins Indi 2
67%
2019/20 (Championship - 15th) Netherlands CB 27 Bruno Martins Indi 33
67%
2018/19 (Championship - 16th) Netherlands CB 26 Bruno Martins Indi 37 1
67%
2017/18 (Premier League - 19th) Netherlands CB 25 Bruno Martins Indi 17
67%
2016/17 (Premier League - 13th) Netherlands CB 24 Bruno Martins Indi 35 1
67%
2022/23 (Championship - 16th) Turkey ST 16 Emre Tezgel 3
67%
2017/18 (Premier League - 19th) Netherlands AM 31 Ibrahim Afellay 6
67%
2016/17 (Premier League - 13th) Netherlands AM 30 Ibrahim Afellay 12
67%
2015/16 (Premier League - 9th) Netherlands AM 29 Ibrahim Afellay 31 2
67%
2023/24 (Championship - 17th) Ireland GK 30 Jack Bonham 14
67%
2022/23 (Championship - 16th) Ireland GK 28 Jack Bonham 23
67%
2021/22 (Championship - 14th) Ireland GK 27 Jack Bonham 15
67%
2020/21 (Championship - 14th) Ireland LM 31 James McClean 24 2
67%
2019/20 (Championship - 15th) Ireland LM 30 James McClean 36 7
67%
2018/19 (Championship - 16th) Ireland LM 29 James McClean 42 3
67%
2016/17 (Premier League - 13th) Ireland RW 32 Jonathan Walters 23 4
67%
2015/16 (Premier League - 9th) Ireland RW 31 Jonathan Walters 27 5
67%
2014/15 (Premier League - 9th) Ireland RW 30 Jonathan Walters 32 8
67%
2015/16 (Premier League - 9th) Spain ST 25 Joselu 22 4
67%
2023/24 (Championship - 17th) England LB 24 Josh Tymon 2
67%
2022/23 (Championship - 16th) England LB 23 Josh Tymon 28 1
67%
2021/22 (Championship - 14th) England LB 22 Josh Tymon 44 1
67%
2020/21 (Championship - 14th) England LB 21 Josh Tymon 26
67%
2019/20 (Championship - 15th) England LB 20 Josh Tymon 2
67%
2018/19 (Championship - 16th) England LB 19 Josh Tymon 1
67%
2017/18 (Premier League - 19th) England LB 18 Josh Tymon 3
67%
2023/24 (Championship - 17th) Netherlands RB 22 Ki-Jana Hoever 40 4
67%
2022/23 (Championship - 16th) Netherlands RB 20 Ki-Jana Hoever 15 4
67%
2017/18 (Premier League - 19th) France CB 22 Kurt Zouma 34 1
67%
2023/24 (Championship - 17th) England CM 29 Lewis Baker 20 2
67%
2022/23 (Championship - 16th) England CM 27 Lewis Baker 44 7
67%
2021/22 (Championship - 14th) England CM 26 Lewis Baker 21 8
67%
2016/17 (Premier League - 13th) Scotland RB 31 Phil Bardsley 15
67%
2015/16 (Premier League - 9th) Scotland RB 30 Phil Bardsley 11
67%
2014/15 (Premier League - 9th) Scotland RB 29 Phil Bardsley 25
67%
2023/24 (Championship - 17th) Brazil ST 27 Wesley Moraes 20
67%
2023/24 (Championship - 17th) Portugal LW 25 Andre Vidigal 29 6
60%
2018/19 (Championship - 16th) Wales CB 33 Ashley Williams 33 1
60%
2023/24 (Championship - 17th) South Korea AM 20 Bae Jun-ho 38 2
60%
2023/24 (Championship - 17th) England CB 24 Ben Wilmot 25 1
60%
2022/23 (Championship - 16th) England CB 22 Ben Wilmot 39 3
60%
2021/22 (Championship - 14th) England CB 21 Ben Wilmot 35 1
60%
2023/24 (Championship - 17th) Ireland CB 34 Ciaran Clark 3
60%
2023/24 (Championship - 17th) Denmark GK 26 Daniel Iversen 18
60%
2023/24 (Championship - 17th) Ireland LB 33 Enda Stevens 21
60%
2016/17 (Premier League - 13th) Spain CB 24 Marc Muniesa 10 1
60%
2015/16 (Premier League - 9th) Spain CB 23 Marc Muniesa 15
60%
2014/15 (Premier League - 9th) Spain CB 22 Marc Muniesa 19
60%
2018/19 (Championship - 16th) Austria RB 26 Moritz Bauer 8
60%
2017/18 (Premier League - 19th) Austria RB 25 Moritz Bauer 15
60%
2020/21 (Championship - 14th) Ireland CB 19 Nathan Collins 22 2
60%
2019/20 (Championship - 15th) Ireland CB 18 Nathan Collins 14
60%
2018/19 (Championship - 16th) Ireland CB 17 Nathan Collins 3
60%
2019/20 (Championship - 15th) Nigeria CM 23 Peter Etebo 11
60%
2018/19 (Championship - 16th) Nigeria CM 22 Peter Etebo 34 2
60%
2017/18 (Premier League - 19th) Egypt LW 20 Ramadan Sobhi 24 2
60%
2016/17 (Premier League - 13th) Egypt LW 19 Ramadan Sobhi 17
60%
2023/24 (Championship - 17th) Montenegro LW 25 Sead Haksabanovic 19 1
60%
2019/20 (Championship - 15th) England RB 20 Tom Edwards 13
60%
2018/19 (Championship - 16th) England RB 19 Tom Edwards 27 1
60%
2017/18 (Premier League - 19th) England RB 18 Tom Edwards 6
60%
2023/24 (Championship - 17th) England ST 24 Tyrese Campbell 23 3
60%
2022/23 (Championship - 16th) England ST 22 Tyrese Campbell 41 9
60%
2021/22 (Championship - 14th) England ST 21 Tyrese Campbell 26 4
60%
2020/21 (Championship - 14th) England ST 20 Tyrese Campbell 16 6
60%
2019/20 (Championship - 15th) England ST 19 Tyrese Campbell 33 9
60%
2018/19 (Championship - 16th) England ST 18 Tyrese Campbell 3
60%
2017/18 (Premier League - 19th) England ST 17 Tyrese Campbell 4
60%
2023/24 (Championship - 17th) Netherlands DM 23 Wouter Burger 39 3
60%
2021/22 (Championship - 14th) Wales GK 28 Adam Davies 12
53%
2020/21 (Championship - 14th) Wales GK 27 Adam Davies 17
53%
2019/20 (Championship - 15th) Wales GK 26 Adam Davies 4
53%
2018/19 (Championship - 16th) Curacao CB 28 Cuco Martina 17
53%
2017/18 (Premier League - 19th) Cameroon ST 28 Eric-Maxim Choupo-Moting 30 5
53%
2021/22 (Championship - 14th) Wales CB 32 James Chester 17
53%
2020/21 (Championship - 14th) Wales CB 31 James Chester 32
53%
2019/20 (Championship - 15th) Wales CB 30 James Chester 16
53%
2017/18 (Premier League - 19th) Spain LW 24 Jese Rodriguez 13 1
53%
2019/20 (Championship - 15th) Belgium ST 21 Julien Ngoy 1
53%
2017/18 (Premier League - 19th) Belgium ST 19 Julien Ngoy 1
53%
2016/17 (Premier League - 13th) Belgium ST 18 Julien Ngoy 5
53%
2023/24 (Championship - 17th) Cameroon RB 20 Junior Tchamadeu 15
53%
2022/23 (Championship - 16th) England ST 10 Liam Delap 22 3
53%
2023/24 (Championship - 17th) Ireland CB 24 Luke McNally 38 2
53%
2023/24 (Championship - 17th) United States LB 28 Lynden Gooch 29 2
53%
2015/16 (Premier League - 9th) Ireland CB 27 Marc Wilson 4
53%
2014/15 (Premier League - 9th) Ireland CB 26 Marc Wilson 27
53%
2023/24 (Championship - 17th) Ireland GK 25 Mark Travers 13
53%
2023/24 (Championship - 17th) Algeria RW 25 Mehdi Leris 30 2
53%
2023/24 (Championship - 17th) Scotland CB 28 Michael Rose 37 1
53%
2023/24 (Championship - 17th) England ST 18 Nathan Lowe 13 1
53%
2022/23 (Championship - 16th) England ST 16 Nathan Lowe 1
53%
2016/17 (Premier League - 13th) Germany CB 27 Philipp Wollscheid 2
53%
2015/16 (Premier League - 9th) Germany CB 26 Philipp Wollscheid 31
53%
2014/15 (Premier League - 9th) Germany CB 25 Philipp Wollscheid 12
53%
2020/21 (Championship - 14th) Wales LB 21 Rhys Norrington-Davies 20 1
53%
2016/17 (Premier League - 13th) Ireland GK 40 Shay Given 5
53%
2015/16 (Premier League - 9th) Ireland GK 39 Shay Given 3
53%
2020/21 (Championship - 14th) Belgium LW 20 Thibaud Verlinden 1
53%
2019/20 (Championship - 15th) Belgium LW 19 Thibaud Verlinden 5
53%
2018/19 (Championship - 16th) Belgium LW 18 Thibaud Verlinden 5
53%
2021/22 (Championship - 14th) England RW 29 Tom Ince 11 3
53%
2020/21 (Championship - 14th) England RW 28 Tom Ince 7
53%
2019/20 (Championship - 15th) England RW 27 Tom Ince 38 3
53%
2018/19 (Championship - 16th) England RW 26 Tom Ince 38 6
53%
2014/15 (Premier League - 9th) Nigeria RM 23 Victor Moses 19 3
53%
2019/20 (Championship - 15th) Senegal CM 28 Badou Ndiaye 13
47%
2018/19 (Championship - 16th) Senegal CM 27 Badou Ndiaye 1
47%
2017/18 (Premier League - 19th) Senegal CM 26 Badou Ndiaye 13 2
47%
2022/23 (Championship - 16th) Kosovo AM 25 Bersant Celina 6
47%
2022/23 (Championship - 16th) England GK 21 Josef Bursik 16
47%
2021/22 (Championship - 14th) England GK 20 Josef Bursik 19
47%
2020/21 (Championship - 14th) England GK 19 Josef Bursik 15
47%
2023/24 (Championship - 17th) England CM 29 Josh Laurent 37 1
47%
2022/23 (Championship - 16th) England CM 27 Josh Laurent 32 4
47%
2017/18 (Premier League - 19th) England GK 34 Lee Grant 3
47%
2016/17 (Premier League - 13th) England GK 33 Lee Grant 28
47%
2020/21 (Championship - 14th) England ST 31 Lee Gregory 6 1
47%
2019/20 (Championship - 15th) England ST 30 Lee Gregory 40 6
47%
2022/23 (Championship - 16th) Montenegro GK 24 Matija Sarkic 8
47%
2023/24 (Championship - 17th) Netherlands RW 22 Million Manhoef 14 4
47%
2023/24 (Championship - 17th) England ST 24 Niall Ennis 14 1
47%
2022/23 (Championship - 16th) England AM 28 Nick Powell 25 4
47%
2021/22 (Championship - 14th) England AM 27 Nick Powell 18 6
47%
2020/21 (Championship - 14th) England AM 26 Nick Powell 39 12
47%
2019/20 (Championship - 15th) England AM 25 Nick Powell 29 5
47%
2023/24 (Championship - 17th) Serbia RW 20 Nikola Jojic 1
47%
2014/15 (Premier League - 9th) Morocco LW 25 Oussama Assaidi 9
47%
2015/16 (Premier League - 9th) Nigeria ST 33 Peter Odemwingie 5
47%
2014/15 (Premier League - 9th) Nigeria ST 32 Peter Odemwingie 7
47%
2022/23 (Championship - 16th) England CB 39 Phil Jagielka 27 2
47%
2021/22 (Championship - 14th) England CB 38 Phil Jagielka 20
47%
2020/21 (Championship - 14th) Wales ST 30 Sam Vokes 30
47%
2019/20 (Championship - 15th) Wales ST 29 Sam Vokes 36 5
47%
2018/19 (Championship - 16th) Wales ST 28 Sam Vokes 12 3
47%
2019/20 (Championship - 15th) Ireland LB 33 Stephen Ward 15
47%
2022/23 (Championship - 16th) Ghana LW 26 Tariqe Fosu 20
47%
2021/22 (Championship - 14th) England RB 29 Tommy Smith 32 1
47%
2020/21 (Championship - 14th) England RB 28 Tommy Smith 35 2
47%
2019/20 (Championship - 15th) England RB 27 Tommy Smith 30
47%
2019/20 (Championship - 15th) Australia GK 34 Adam Federici 7
40%
2018/19 (Championship - 16th) Australia GK 33 Adam Federici 1
40%
2022/23 (Championship - 16th) England RW 20 D'Margio Wright-Phillips 7 1
40%
2021/22 (Championship - 14th) England RW 19 D'Margio Wright-Phillips 10 1
40%
2020/21 (Championship - 14th) Nigeria DM 33 John Obi Mikel 39
40%
2019/20 (Championship - 15th) Denmark RM 19 Lasse Sorensen 6
40%
2018/19 (Championship - 16th) Denmark RM 18 Lasse Sorensen 1
40%
2017/18 (Premier League - 19th) Denmark RM 17 Lasse Sorensen 1
40%
2021/22 (Championship - 14th) Norway CB 21 Leo Ostigard 13 1
40%
2021/22 (Championship - 14th) St. Kitts & Nevis AM 29 Romaine Sawyers 25 2
40%
2019/20 (Championship - 15th) England DM 25 Ryan Woods 8
40%
2018/19 (Championship - 16th) England DM 24 Ryan Woods 27
40%
2022/23 (Championship - 16th) England CM 31 Sam Clucas 12
40%
2021/22 (Championship - 14th) England CM 30 Sam Clucas 25 2
40%
2020/21 (Championship - 14th) England CM 29 Sam Clucas 24 2
40%
2019/20 (Championship - 15th) England CM 28 Sam Clucas 44 11
40%
2018/19 (Championship - 16th) England CM 27 Sam Clucas 26 3
40%
2023/24 (Championship - 17th) England CM 17 Souleymane Sidibe 4
40%
2016/17 (Premier League - 13th) Ivory Coast ST 27 Wilfried Bony 10 2
40%
2022/23 (Championship - 16th) Ireland CM 22 Will Smallbone 43 3
40%
2023/24 (Championship - 17th) Portugal LW 24 Chiquinho 3
33%
2022/23 (Championship - 16th) England CB 20 Connor Taylor 14
33%
2020/21 (Championship - 14th) England CB 18 Connor Taylor 1
33%
2015/16 (Premier League - 9th) Slovakia CB 22 Dionatan Teixeira 1
33%
2014/15 (Premier League - 9th) Slovakia CB 21 Dionatan Teixeira 1
33%
2023/24 (Championship - 17th) England ST 34 Dwight Gayle 10
33%
2022/23 (Championship - 16th) England ST 32 Dwight Gayle 35 3
33%
2015/16 (Premier League - 9th) Denmark GK 23 Jakob Haugaard 5
33%
2017/18 (Premier League - 19th) Greece LB 23 Konstantinos Stafylidis 5
33%
2021/22 (Championship - 14th) Jamaica CB 28 Liam Moore 4
33%
2015/16 (Premier League - 9th) Netherlands CM 22 Marco van Ginkel 17
33%
2021/22 (Championship - 14th) Bosnia CM 32 Mario Vrancic 30 3
33%
2022/23 (Championship - 16th) Wales LB 28 Morgan Fox 40
33%
2021/22 (Championship - 14th) Wales LB 27 Morgan Fox 10
33%
2020/21 (Championship - 14th) Wales LB 26 Morgan Fox 20
33%
2014/15 (Premier League - 9th) England CM 16 Oliver Shenton 1
33%
2021/22 (Championship - 14th) England CB 19 Taylor Harwood-Bellis 22
33%
2023/24 (Championship - 17th) England GK 19 Tommy Simkin 1
33%
2021/22 (Championship - 14th) England LM 21 Alfie Doughty 11
27%
2020/21 (Championship - 14th) Scotland GK 24 Angus Gunn 15
27%
2019/20 (Championship - 15th) United States CB 21 Cameron Carter-Vickers 12
27%
2021/22 (Championship - 14th) England CB 30 Danny Batth 11
27%
2020/21 (Championship - 14th) England CB 29 Danny Batth 29 1
27%
2019/20 (Championship - 15th) England CB 28 Danny Batth 43 4
27%
2018/19 (Championship - 16th) England CB 27 Danny Batth 17
27%
2022/23 (Championship - 16th) England RB 22 Dujon Sterling 26
27%
2020/21 (Championship - 14th) Jamaica CM 26 Jordan Cousins 19
27%
2019/20 (Championship - 15th) Jamaica CM 25 Jordan Cousins 20
27%
2019/20 (Championship - 15th) Scotland CB 23 Liam Lindsay 20 2
27%
2023/24 (Championship - 17th) England CM 22 Luke Cundle 16 2
27%
2019/20 (Championship - 15th) England CM 33 Mark Duffy 6
27%
2019/20 (Championship - 15th) Ireland ST 27 Scott Hogan 13 2
27%
2022/23 (Championship - 16th) Wales CM 19 Tom Sparrow 2
27%
2021/22 (Championship - 14th) Wales CM 18 Tom Sparrow 1
27%
2022/23 (Championship - 16th) England CB 32 Aden Flint 9
20%
2022/23 (Championship - 16th) Ireland CM 22 Gavin Kilkenny 3
20%
2022/23 (Championship - 16th) England RB 21 Harry Clarke 18 2
20%
2020/21 (Championship - 14th) England LW 19 Jack Clarke 14
20%
2021/22 (Championship - 14th) Nigeria ST 22 Josh Maja 15 1
20%
2021/22 (Championship - 14th) Senegal RW 20 Abdallah Sima 2
13%
2021/22 (Championship - 14th) England LW 19 Jaden Philogene 11 1
13%
2020/21 (Championship - 14th) Wales LW 19 Rabbi Matondo 10 1
13%
2021/22 (Championship - 14th) England ST 22 Sam Surridge 20 2
13%
2022/23 (Championship - 16th) England CB 24 Axel Tuanzebe 4
7%
2020/21 (Championship - 14th) Wales ST 19 Christian Norton 6
7%
2021/22 (Championship - 14th) England RB 22 Demeaco Duhaney 3
7%
2015/16 (Premier League - 9th) England CM 32 Steve Sidwell 1
7%
2014/15 (Premier League - 9th) England CM 31 Steve Sidwell 12
7%
2020/21 (Championship - 14th) England CM 20 Tashan Oakley-Boothe 16
7%
2019/20 (Championship - 15th) England CM 19 Tashan Oakley-Boothe 2
7%
2021/22 (Championship - 14th) England CB 20 Will Forrester 3
7%
2020/21 (Championship - 14th) England CB 19 Will Forrester 1 1
7%
No matching quizzes found
Score Distribution
Percent of People with Each Score
Percentile by Number Answered
Your Score History
You have not taken this quiz